000 00312nam a2200121Ia 4500
005 20260326235442.0
008 260326s9999||||xx |||||||||||||| ||und||
100 _aMendes da Rocha, Paulo
245 0 _aPaulo Mendes da Rocha /
_cPaulo Mendes da Rocha
260 _bCosac Naify
650 _aARQUITECTOS
942 _cBK
999 _c7447
_d7447